000 00790nam a2200241 i 4500
001 15766
003 ES-MaACL
005 20250804105437.0
007 t|
008 000505s1998 sp ||||0| spa j
017 _aM 40850-1998
040 _aM-BN
_bspa
_cM-BN
080 _a929 Español, Francisco
080 _a946.027 M.-212"1936/39"
100 1 _aEspañol Bouché, Luis,
_d1964-
_947768
245 1 0 _aDon Francisco Español y Villasante y el alzamiento en Carabanchel, Madrid, julio de 1936 /
_cLuis Español.
260 _aMadrid :
_bL. Español,
_c1998.
300 _a43 p ;
_c30 cm.
600 1 4 _aEspañol, Francisco.
_947767
651 4 _aCarabanchel (Madrid)-
_xHistoria-
_y1936-1939.
_97964
852 _aES-MaACL
_jL-22979
_bR.126964
999 _c15766
_d15766